| 000 | 00887nam a2200265 i 4500 | ||
|---|---|---|---|
| 001 | bg | ||
| 003 | BPK | ||
| 005 | 20160202090611.0 | ||
| 008 | 960606s1992 pl f f |000 0 pol d | ||
| 020 | _a8385636013 | ||
| 040 | _cBPK | ||
| 041 | _apol | ||
| 080 | _a551.7 | ||
| 080 | _a(075.8) | ||
| 245 | 0 |
_aCzwartorzęd : _bosady, metody badań, stratygrafia / _cred. nauk. Leszek Lindner ; aut. rozdz. Zbigniew Lamparski [et al.]. |
|
| 260 |
_aWarszawa : _bWydaw. PAE, _c1992. |
||
| 300 |
_a683 s. : _bmapy, rys., wykr. ; _c25 cm. |
||
| 504 | _aBibliogr. s. 635-658. | ||
| 650 | 4 |
_aCzwartorzęd _zPolska. |
|
| 650 | 4 |
_aGeologia historyczna _zPolska. |
|
| 700 | 1 |
_aLindner, Leszek _d(1938- ). _eRed. |
|
| 700 | 1 | _aLamparski, Zbigniew. | |
| 856 |
_uhttp://koha.tu.koszalin.pl/cgi-bin/koha/opac-detail.pl?biblionumber=5956 _yKatalog online BPK |
||
| 942 |
_cKS _2UKD |
||
| 999 |
_c5956 _d5956 |
||